Dobrovoľný hasičský zbor obce Slovinky

Bibliographic Details
Format: Article
Language:Slovak
PhysicalDescription:Fotogr.
Subjects:

MARC

LEADER 00000nab a2200000 ar4500
001 vtls010475364
003 SK-MaSNL
005 20260305040119.0
008 121129c2011 xo mr|p|||||||000 b|slo
038 |a SNSK 
040 |b slo  |c SNSK  |e AACR2 
041 |a slo 
044 |a xo  |c SK 
080 |a 614.842.33  |x (437.678)  |2 2001 
245 0 0 |a Dobrovoľný hasičský zbor obce Slovinky  |c [autor] Členovia DHZ Slovinky 
300 |b Fotogr. 
610 2 7 |a Dobrovoľný hasičský zbor (Slovinky, Slovensko)  |2 snsk  |9 1619463 
650 0 7 |a činnosť  |2 snsk  |9 282874 
651 7 |a Slovinky (Slovensko)  |2 snsk  |9 55586 
651 7 |a Spišská Nová Ves (Slovensko : okres)  |2 snsk  |9 22259 
773 0 |t Slovinský občasník  |g Roč. VII., č. 2 (jún 2011), s. 8. 
852 |a SNSK  |b KIS3GCP 
999 |c 3336762  |d 3338692